000 00883nas a2200265 4500
001 BR8702110
003 BR-BrBNA
005 20231205090644.0
007 ta
008 230509b bl.|||p| |||| 00| 00por d
040 _aBR-BrBNA
_bpor
_cBiblioteca Nacional de Agricultura
041 _a(Pt)
072 _aH50
100 1 _aFranca, A.F.S.
100 1 _aVentura, C.A.O.
100 1 _aHaag, H.P.
245 1 _aDesnutricao calcica em milheto em condicoes de campo (nota preliminar)[Pennisetum typhoides]
246 1 _aCalcium deficiency in millet under field conditions (preliminary note)
650 _aMILHETO
650 _aDEFICIENCIA MINERAL
650 _aCALCIO
773 0 _tAnais da Escola Superior de Agricultura Luiz de Queiroz (Brazil)
_xISSN 0071-1276
_g(1985), v. 42(2) p. 481-488
_wBR8702110
909 _a202311
_bLúcia
_c55
_dLúcia Elande
942 _2AGRIS
_n0
_cANA
999 _c120051
_d120051